Sirotčinec slečny Peregrinové. Kniha čtvrtá, Mapa dní /

Román je pokračováním příběhu mladého Jacoba, který se po všech peripetiích vrací domů za doprovodu svých podivných přátel.

Main Author: Riggs, Ransom, 1979-
Other Authors: Grygová, Bronislava, 1959-
Language: Czech
Published: V Brně : Jota, 2019
Edition: Vydání první
Physical Description: 497 stran : ilustrace ; 21 cm
Book
Saved in:
LEADER 02437cam a2200469 i 4500
001 nkc20193097589
003 CZ PrNK
005 20230921105944.0
007 ta
008 190507s2019 xr a g 000 f cze d
015 |a cnb003097589 
020 |a 978-80-7565-488-5  |q (vázáno) 
035 |a (OCoLC)1111971598 
040 |a TUG001  |b cze  |d ABG001  |e rda 
041 1 |a cze  |h eng 
072 7 |a 821.111(73)-3  |x Americká próza  |2 Konspekt  |9 25 
080 |a 821.111(73)-31  |2 MRF 
080 |a (0:82-312.9)  |2 MRF 
100 1 |a Riggs, Ransom,  |d 1979-  |7 xx0154924  |4 aut 
240 1 0 |a Map of days.  |l Česky 
245 1 0 |a Sirotčinec slečny Peregrinové.  |n Kniha čtvrtá,  |p Mapa dní /  |c Ransom Riggs ; z anglického originálu A map of days ... přeložila Bronislava Grygová 
246 3 0 |a Mapa dní 
250 |a Vydání první 
264 1 |a V Brně :  |b Jota,  |c 2019 
300 |a 497 stran :  |b ilustrace ;  |c 21 cm 
336 |a text  |b txt  |2 rdacontent 
337 |a bez média  |b n  |2 rdamedia 
338 |a svazek  |b nc  |2 rdacarrier 
520 2 |a Román je pokračováním příběhu mladého Jacoba, který se po všech peripetiích vrací domů za doprovodu svých podivných přátel.  |b Poté, co odvrátil obrovskou hrozbu, která téměř zničila svět podivných, se Jacob vrací na Floridu. Avšak s tím rozdílem, že teď jsou slečna Peregrinová, Emma a jejich podivní přátelé s ním a snaží se co nejlépe splynout se světem normálních. Ovšem bezstarostné dny na pláži a poznávání reálií 21. století brzy přeruší objev podzemního bunkru, který patřil Abeovi, Jacobovu dědečkovi. Na povrch vycházejí překvapivé informace a dávná tajemství. A Jacob začíná poznávat nebezpečný odkaz, který zdědil. Nakladatelská anotace. Kráceno. 
655 7 |a americké romány  |7 fd131796  |2 czenas 
655 7 |a fantasy romány  |7 fd184199  |2 czenas 
655 9 |a American fiction  |2 eczenas 
655 9 |a fantasy novels  |2 eczenas 
700 1 |a Grygová, Bronislava,  |d 1959-  |7 kup19950000034097  |4 trl 
787 0 8 |i Z cyklu:  |t Sirotčinec slečny Peregrinové  |g 4 
910 2 |a BOA001  |b 2-1286.884,4 
920 |a 4477197  |z ABG001 
990 |a BK 
995 |a 01 
991 |b 201906  |c NOV 
996 6 |b 2610785394  |c 2-1286.884,4  |l MZK  |r Sklad / do 1 hodiny  |n 1  |p p.v.  |w 001728100  |u 000010  |a 1  |e BOA001  |j MZK50  |s P 
996 7 |b 2610785395  |c 2-1286.884,4  |l MZK  |r Sklad / do 1 hodiny  |n 17  |p p.v.  |w 001728100  |u 000020  |a 1  |e BOA001  |j MZK50  |s A